| 000 | 00337nam a22001217a 4500 | ||
|---|---|---|---|
| 020 | _a8120319567 | ||
| 082 |
_222 _a621.38119 |
||
| 100 | _aNair, B. Somanathan. | ||
| 245 | _aDigital electronics and logic design / | ||
| 260 |
_aNew Delhi, _bNew Age International, _cc2006. |
||
| 300 |
_axiv, 434 p. ; _bill. ; _c23 cm. |
||
| 942 |
_2ddc _cEE _015 |
||
| 999 |
_c1594 _d1594 |
||